Pocket Oxford dictionary & thesaurus. / (Record no. 8877)

MARC details
000 -LEADER
fixed length control field 01058cam a2200301 a 4500
001 - CONTROL NUMBER
control field 13678875
003 - CONTROL NUMBER IDENTIFIER
control field OSt
005 - DATE AND TIME OF LATEST TRANSACTION
control field 20220303120513.0
008 - FIXED-LENGTH DATA ELEMENTS--GENERAL INFORMATION
fixed length control field 040806s2004 enk d 000 0 eng d
010 ## - LIBRARY OF CONGRESS CONTROL NUMBER
LC control number 2004301913
020 ## - INTERNATIONAL STANDARD BOOK NUMBER
International Standard Book Number 9780199532865
040 ## - CATALOGING SOURCE
Original cataloging agency EQO
Transcribing agency LC
Modifying agency DLC
042 ## - AUTHENTICATION CODE
Authentication code lccopycat
050 00 - LIBRARY OF CONGRESS CALL NUMBER
Classification number PE1628.P73
082 00 - DEWEY DECIMAL CLASSIFICATION NUMBER
Classification number 423
Edition number 22
100 ## - MAIN ENTRY--PERSONAL NAME
Fuller form of name Hawker, Sara
245 00 - TITLE STATEMENT
Title Pocket Oxford dictionary & thesaurus. /
Statement of responsibility, etc. edited by Sara Hawker.
246 18 - VARYING FORM OF TITLE
Title proper/short title Pocket Oxford dictionary, thesaurus & wordpower guide
250 ## - EDITION STATEMENT
Edition statement 2nd ed.
260 ## - PUBLICATION, DISTRIBUTION, ETC.
Place of publication, distribution, etc. New York:
Name of publisher, distributor, etc. Oxford University Press,
Date of publication, distribution, etc. 2008.
300 ## - PHYSICAL DESCRIPTION
Extent x, 834 p. ;
Dimensions 19 cm.
505 ## - FORMATTED CONTENTS NOTE
Formatted contents note Contents: Introduction -- Guide to the dictionary and thesaurus -- Pocket Oxford dictionary and thesaurus -- Wordfinder --
650 #0 - SUBJECT ADDED ENTRY--TOPICAL TERM
Topical term or geographic name entry element English language
Form subdivision Dictionaries.
650 #0 - SUBJECT ADDED ENTRY--TOPICAL TERM
Topical term or geographic name entry element English language
Form subdivision Synonyms and antonyms.
906 ## - LOCAL DATA ELEMENT F, LDF (RLIN)
a 7
b cbc
c copycat
d 2
e ncip
f 20
g y-gencatlg
942 ## - ADDED ENTRY ELEMENTS (KOHA)
Source of classification or shelving scheme Library of Congress Classification
Koha item type Books
Holdings
Withdrawn status Lost status Source of classification or shelving scheme Damaged status Not for loan Home library Current library Shelving location Date acquired Source of acquisition Total Checkouts Full call number Barcode Date last seen Price effective from Koha item type
    Library of Congress Classification     WISCONSIN INTERNATIONAL UNIVERSITY COLLEGE, GHANA KUMASI LIBRARY WISCONSIN INTERNATIONAL UNIVERSITY COLLEGE, GHANA KUMASI LIBRARY General Stacks 16/10/2019 WIUC   PE1628.P73(2e) K/031/31/19 03/03/2022 03/03/2022 Books

If you have any concerns or questions; kindly contact the library


© Powered by WIUC ICT DIRECTORATE